• 首页
  • 本馆介绍
  • 公告通知
  • 最新文献
  • 馆藏检索
  • 电子资源
  • 读者导购
  • 参考咨询
  • 我的图书馆
  • 登录
  • 详细信息显示
  • 放入我的书架
  • 预约/预借图书
  • 作者相关作品
  • 分类相关作品
  • 丛书相关作品
  • 出版社相关作品

书目信息

  • 表格格式
  • 工作单格式
  • 卡片格式
题名:
袁世凯称帝及其败亡
    
 
作者: 胡柏立 著
分册:  
出版信息: 郑州   河南人民出版社  1981
页数: 77页
开本: 19cm
丛书名:
单 册:
中图分类: K258.3
科图分类:
主题词: 中国--历史--1840~1949
电子资源:
ISBN:
000 00638nam0 2200229 45
001 0181010079
005 20060510111621.89
010    @dCNY0.23
091    @a11105.32
100    @a19950601d1981 em y0chiy0121 ea
101 0  @achi
102    @aCN@b410000
105    @ay z 000yy
200 10 @a袁世凯称帝及其败亡@Ayuan shi kai cheng di ji qi bai wang@f胡柏立著@Fhu bai li zhu
210    @a郑州@c河南人民出版社@d1981
215    @a77页@d19cm
606 0  @a中国@x历史@z1840~1949
690    @aK258.3@v4
701  0 @a胡柏立@Ahu bai li@4著
801  2 @aCN@bNLC@c20060510
801  0 @aCN@b上海图书馆@c20040505
905    @dK258.3@e6
    
    袁世凯称帝及其败亡/胡柏立著.-郑州:河南人民出版社,1981
    77页;19cm
    
    
    ISBN :CNY0.23
    
●
相关链接 在E读中查询图书 在五车中查询图书 在当当中查询图书 在豆瓣中查询图书


正题名:袁世凯称帝及其败亡     索取号:K258.3/6         预约/预借

序号 登录号 条形码 馆藏地/架位号 状态 备注
1 0075624   202310356   密集书库/ [索取号:K258.3/6] 在馆    
2 0075625   202310301   密集书库/ [索取号:K258.3/6] 在馆    
3 0075626   202310347   密集书库/ [索取号:K258.3/6] 在馆    
4 0075627   202310267   密集书库/ [索取号:K258.3/6] 在馆    
5 0075628   001291630   第二借阅区/ [索取号:K258.3/6] 在馆    
6 0075629   001291621   第二借阅区/ [索取号:K258.3/6] 在馆    
7 0075630   202310365   密集书库/ [索取号:K258.3/6] 在馆    
8 0075631   202310276   密集书库/ [索取号:K258.3/6] 在馆    
9 0075632   202310310   密集书库/ [索取号:K258.3/6] 在馆    
10 0215436   202310454   密集书库/ [索取号:K258.3/6] 在馆    
11 0215437   202310409   密集书库/ [索取号:K258.3/6] 在馆    
12 0215438   202310418   密集书库/ [索取号:K258.3/6] 在馆    
13 0215439   202310374   密集书库/ [索取号:K258.3/6] 在馆    
14 0215440   001291612   第二样本阅览室/ [索取号:K258.3/6] 在馆    
唐山师范学院图书馆 欢迎您!
大连网信软件有限公司© 版权所有